000 00704nam a22002297a 4500
003 dpl
005 20180621130641.0
008 180621b xxu||||| |||| 00| 0 eng d
010 _aA-938935
035 _aA-938935, A-938940
037 _bCen Lib/Ret
040 _aDPL
_bEN
_c0
082 _a658.803
245 _aDictionary of marketing /
_cedited by Gagan Raj
260 _aMumbai
_bHimallaya publishing house
_c1998
270 _a''Ramdoot '' dr. bhalerao marg,Girgaon,
_bMumbai
_e400004
300 _a237p. :
_c21cm(Hb)
650 _aMarketing
_vDictionary
_9101741
650 _aMarketing dictionary
_9101742
700 _aRaj, Gagan
_933855
942 _2ddc
_cEN
_h658.803
_mDIC
999 _c122467
_d122467